000 01071nam a2200289 i 4500
001 131004
003 ES-MaACL
005 20230906193909.0
007 t|
008 070214m19571960sp r ||||1| spa d
080 _a621.3
100 1 _aRoberjot, P.
_997795
245 1 0 _aElementos de electricidad industrial /
_cpor P. Roberjot ; versión por José Mª Mantero.
250 _a6ª ed.
260 _aBarcelona :
_bGustavo Gili,
_c1957-1960.
300 _a4 v. :
_bil. ;
_c19 cm.
505 8 _aContiene: 2. Medidas eléctricas industriales -- 3. Máquinas eléctricas -- 4. Instalaciones interiores: timbres, teléfonos, alumbrado, motores -- 5. Centrales y redes / por P. Roberjot y C. Féru
650 4 _aElectrotecnia.
_912169
650 4 _aMedidas eléctricas.
_914946
650 4 _aMáquinas eléctricas.
_914765
650 _aInstalaciones eléctricas.
_913826
650 4 _aCentrales eléctricas.
_910882
650 4 _aRedes eléctricas.
_916712
700 1 _aFéru, C.
_950616
700 1 _aMantero, José María.
_976154
852 4 _aES-MaACL
_jP-93
999 _c131004
_d131004